Estadísticas para Estadios del futbol argentino

Haz click aquí para intentar la prueba.

Estadísticas generales

  • Esta prueba ha sido intentada 441 veces
    (440 desde el último reinicio)
  • La puntuación promedio es 14 de 46

Estadísticas de respuestas

EquipoRespuesta% Correcto
Boca JuniorsLa Bombonera
100%
River PlateEl Monumental
96%
Racing ClubEl Cilindro de Avellaneda
86%
IndependienteLibertadores de América
72%
San LorenzoNuevo Gasómetro
64%
Gimnasia y EsgrimaEl Bosque
62%
River PlateAntonio V. Liberti
55%
Vélez SársfieldJosé Amalfitani
53%
HuracánTomás Adolfo Ducó
53%
Rosario CentralGigante de Arroyito
50%
Boca JuniorsAlberto J. Armando
49%
Racing ClubJuan Domingo Perón
49%
Newell's Old BoysMarcelo Bielsa
47%
Vélez SársfieldEl Fortín
46%
ColónEl Cementerio de los Elefantes
45%
LanúsLa Fortaleza
36%
San LorenzoPedro Bidegain
35%
Estudiantes LPCiudad de La Plata
34%
ArsenalJulio Humberto Grondona
32%
ArsenalEl Viaducto
30%
Godoy CruzMalvinas Argentinas
28%
BanfieldFlorencio Sola
26%
AldosiviJosé María Minella
26%
HuracánEl Palacio
25%
Sarmiento (J)Eva Perón
20%
Unión SF15 de Abril
18%
Newell's Old BoysColoso del Parque
16%
Atlético TucumánMonumental José Fierro
15%
LanúsCiudad de Lanús-Néstor Díaz Pérez
13%
BelgranoGigante de Alberdi
13%
ColónBrigadier General Estanislao López
12%
QuilmesCentenario Ciudad de Quilmes
12%
TalleresLa Boutique
12%
Defensa y JusticiaNorberto Tomaghello
11%
OlimpoRoberto Natalio Carminatti
11%
TigreJosé Dellagiovanna
8%
Gimnasia y EsgrimaJuan Carmelo Zerillo
7%
Atlético RafaelaNuevo Monumental
7%
BelgranoJulio César Villagra
6%
TemperleyAlfredo Martín Beranger
4%
TigreColiseo de Victoria
3%
San Martín SJIngeniero Hilario Sánchez
3%
PatronatoPresbítero Bartolomé Grella
3%
TalleresFrancisco Cabasés
2%
TemperleyEl Teatro de Turdera
1%
Atlético RafaelaMonumental de Barrio Alberdi
1%

Distribución de puntuación

Porcentaje por número respondido

Porcentaje de gente con cada puntuación

Historial de tus puntuaciones

No has intentado esta prueba desde el último reinicio